| 000 | 01661nam0a2200361 4500 | ||
|---|---|---|---|
| 001 | RU\NLR\BIBL_A\011985932 | ||
| 005 | 20190430161116.0 | ||
| 010 |
_a978-5-6041702-3-6 _9500 |
||
| 021 |
_aRU _bКН-П-19-019432 _9КН-П-19-1455 |
||
| 035 | _a(NLR Aleph) 011985932 | ||
| 035 | _a(RuMoRGB)009924140 | ||
| 090 |
_a11333186 _c11333186 |
||
| 100 | _a20190411d2019 k y0rusy50 ca | ||
| 101 | 0 | _arus | |
| 102 | _aRU | ||
| 105 | _aa|||z|||000zy | ||
| 200 | 1 |
_aУправление промышленными технологиями _dTechnology management _eмонография _fС. С. Голубев _zeng |
|
| 210 |
_aМосква _cИзд-во ФГУП ЦНИИ "Центр" _d2019 |
||
| 215 |
_a289 с. _cил., цв. ил., табл. _d21 |
||
| 300 | _aНа обороте тит. л. авт.: Голубев С.С. - к.т.н., д.э.н., проф. | ||
| 320 | _aБиблиогр.: с. 284-289 (48 назв.) | ||
| 510 | 1 |
_6z11790 _aTechnology management _zeng |
|
| 606 | 1 |
_aПромышленность _xИнновационная деятельность _xУправление _2nlr_sh1 _2nlr_sh2 _3RU\NLR\AUTH\661351826 |
|
| 686 | 1 | _aУ30(0)-55-21 | |
| 686 | 1 | _aУ30(2)-55-21(2Р) | |
| 700 | 1 |
_aГолубев _bС. С. _cд-р экон. наук, канд. техн. наук _gСергей Сергеевич _3RU\NLR\AUTH\770137678 |
|
| 790 | 1 |
_6z11510 _aGolubev _bS. S. _cд-р экон. наук, канд. техн. наук _gSergej Sergeevič _3RU\NLR\AUTH\770205246 |
|
| 942 | _cBOOK | ||
| 980 | _aNBR | ||
| 980 | _aNB | ||